000 00822cab a2200241 4500
001 ABS55812
008 090401t1996 xxu||||| |||| 00| 0 eng d
035 _a(Sirsi) u18934
041 _aeng
100 _aVan Romunde, P.
245 _aHow to use the Internet?
260 _c1996
350 _a0
490 _aBuildup
_v(18) September 1996, 2-3(2)
520 _aA look at the Property Information Mall, a `virtual` shopping centre for the property industry. Advice on how to access the site and gives examples of typical `users` such as a retailer, developer and advisor.
650 _aCONSTRUCTION INDUSTRY
650 _aINTERNET
650 _aPROPERTY INFORMATION MALL
650 _aWORLD WIDE WEB
690 _aMANAGEMENT-BUSINESS MANAGEMENT-INFORMATION MANAGEMENT
942 _n0
948 _c04/03/1997
999 _c12596
_d12596